Slavošovce - Kolónia

Zobrazenie: V bielom orámovaní pohľad na radovú zástavbu rodinných domov, pred nimi trávnik. Pred vchodom prvého domu zprava je muž a dve deti a v pozadí kopec

Podrobná bibliografia
Médium: Pohľadnica
Jazyk:slovenčina
Fyzický popis:1 pohľadnica čiernobiela 9 x 14 cm
Vydavateľské údaje: [Bratislava] Tatran 1952
Predmet:

MARC

LEADER 00000nkm a2200000 a 4500
001 vtls011782576
003 SK-MaSNL
005 20260512130445.0
007 kp bo
008 240131s1952 xo g kuslo
015 |a SNBG1952 
035 |a urn:nbn:sk:snk-km00dpwg 
035 |a urn:nbn:sk:snk-km3lxeb 
035 |a E93C34FC-41EE-4980-BC43-AE4E2EC346B5 
040 |a SNK  |b slo  |c SNK  |e AACR2 
041 0 |a slo 
043 |a e-xo--- 
044 |a xo  |c SK 
072 7 |a 913  |x Regionálna geografia  |2 konspekt 
080 |a 913(437.6)  |2 2011 
080 |a (084.121)  |2 2011 
245 0 0 |a Slavošovce - Kolónia  |h grafika 
260 |a [Bratislava]  |b Tatran  |c 1952 
300 |a 1 pohľadnica  |b čiernobiela  |c 9 x 14 cm 
520 8 |a Zobrazenie: V bielom orámovaní pohľad na radovú zástavbu rodinných domov, pred nimi trávnik. Pred vchodom prvého domu zprava je muž a dve deti a v pozadí kopec 
651 7 |a Slavošovce (Slovensko)  |2 SNKPHgeo  |9 28955 
655 7 |a miestne pohľadnice  |2 SNKPH  |9 70510 
852 |a Slovenská národná knižnica 
958 |a GBN 
958 |a GC 
958 |a OND 
958 |a EUIPO 
999 |c 1200968  |d 1202898 
952 |a SNK  |b SNK  |y PREZ  |7 0  |p 17A1286911  |o snkSP 95179  |z Pohľadnica prešla poštou.  |0 0  |1 0  |4 0  |d 2018-10-03  |f 1  |l 0  |r 2026-02-24 22:41:38  |w 2026-02-24